000
00331nam a22001577a 4500
003
SGT
020
_a
978-81-239-2334-5
082
_a
610.92, P14P
100
_a
PAUL, VINOD K.
245
_a
ESSENTIAL PEDIATRICS
250
_a
8TH
260
_a
DELHI
_b
CBS
_c
2014
300
_a
783
650
_a
PEDIATRICS
942
_2
ddc
_c
BK
_0
10
999
_c
8959
_d
8959